000
00345nam a22001577a 4500
003
SGT
020
_a
9788131521007
082
_a
616.89,KEA
100
_a
KEARNEY CHRISTOPHER.A
245
_a
ABNORMAL PYCHOLOGY
250
_a
1ST
260
_a
NEW DELHI
_b
CENGAGE LERNING
_c
2013
300
_a
482
650
_a
PSYCHOLOGY
942
_2
ddc
_c
BK
999
_c
22910
_d
22910